Statistics for States That There Has Never Been a President From

Click here to take the quiz!

General Stats

  • This quiz has been taken 71 times
    (48 since last reset)
  • The average score is 19 of 22

Answer Stats

State% Correct
Maine
98%
Alabama
95%
Montana
95%
North Dakota
95%
South Dakota
95%
Oregon
93%
Wyoming
93%
Alaska
90%
Mississippi
90%
Arizona
88%
Colorado
88%
New Mexico
88%
Oklahoma
85%
Rhode Island
85%
Utah
85%
Washington
85%
Idaho
83%
Minnesota
83%
Nevada
83%
Florida
78%
Louisiana
78%
Wisconsin
76%

Score Distribution

Percentile by Number Answered

Percent of People with Each Score

Your Score History

You have not taken this quiz since the last reset